000 00527nam a22001817a 4500
999 _c13695
_d13695
003 AR-CdUCM
008 190416b ||||| |||| 00| 0 spa d
040 _aMUNICIPALIDAD PROVINCIAL DEL CUSCO
_cBIBLIOTECA MUNICIPAL DEL CUSCO
082 _aC / 860.1 /
_bF52A
100 _aFigueira, Gaston
_926365
245 _aAntologías :
_bnumero uno /
260 _bUniversidad de Antioquia.
300 _a16 páginas ;
_c24 cm.
505 _aPoesía.
650 _aPoesía.
_9139
942 _2ddc
_cFOLLETOS
945 _awfj
_d2019-04-16